Teoría y práctica de la cooperación internacional para el desarrollo : (Registro nro. 6942)
[ vista simple ]
| 000 -LEADER | |
|---|---|
| fixed length control field | 00973cam a2200241 i 4500 |
| 001 - CONTROL NUMBER | |
| control field | 6942 |
| 003 - CONTROL NUMBER IDENTIFIER | |
| control field | Mx-PuUPA |
| 005 - DATE AND TIME OF LATEST TRANSACTION | |
| control field | 20251003113024.0 |
| 008 - FIXED-LENGTH DATA ELEMENTS--GENERAL INFORMATION | |
| fixed length control field | 140415s1963 mx 000 0 spa d |
| 020 ## - INTERNATIONAL STANDARD BOOK NUMBER | |
| International Standard Book Number | 9786079711413 |
| 040 ## - CATALOGING SOURCE | |
| Transcribing agency | Mx-PuUPA |
| 041 0# - LANGUAGE CODE | |
| Language code of text/sound track or separate title | spa |
| 082 04 - DEWEY DECIMAL CLASSIFICATION NUMBER | |
| Classification number | xx |
| Item number | xx |
| Edition number | 23 |
| 245 ## - TITLE STATEMENT | |
| Title | Teoría y práctica de la cooperación internacional para el desarrollo : |
| Remainder of title | una perspectiva desde México / |
| Statement of responsibility, etc. | Esther Ponce Adame, Simone Lucatello, Rafael Velázquez Flores, coordinadores |
| 250 ## - EDITION STATEMENT | |
| Edition statement | Primera edición / |
| Remainder of edition statement | octubre |
| 264 #1 - PRODUCTION, PUBLICATION, DISTRIBUTION, MANUFACTURE, AND COPYRIGHT NOTICE | |
| Place of production, publication, distribution, manufacture | Ciudad de México : |
| Name of producer, publisher, distributor, manufacturer | Centro de Gestión y Cooperación Internacional para el Desarrollo, |
| Date of production, publication, distribution, manufacture, or copyright notice | 2016 |
| 300 ## - PHYSICAL DESCRIPTION | |
| Extent | 257 páginas ; |
| Dimensions | 23 cm |
| 700 1# - ADDED ENTRY--PERSONAL NAME | |
| Personal name | Ponce Adame, Esther, |
| Dates associated with a name | coordinador |
| 700 1# - ADDED ENTRY--PERSONAL NAME | |
| Personal name | Lucatello, Simone, |
| Relator term | coordinador |
| 9 (RLIN) | 1848 |
| 700 1# - ADDED ENTRY--PERSONAL NAME | |
| Personal name | Velázquez Flores, Rafael, |
| Relator term | coordinador |
| 9 (RLIN) | 15608 |
| 942 ## - ADDED ENTRY ELEMENTS (KOHA) | |
| Source of classification or shelving scheme | Dewey Decimal Classification |
| Koha item type | Libro |
| Classification part | xx |
| Item part | xx |
| Withdrawn status | Lost status | Source of classification or shelving scheme | Damaged status | Not for loan | Collection code | Home library | Current library | Shelving location | Date acquired | Source of acquisition | Total Checkouts | Full call number | Barcode | Price effective from | Koha item type |
|---|---|---|---|---|---|---|---|---|---|---|---|---|---|---|---|
| Dewey Decimal Classification | En catalogación | General | Biblioteca Karol Wojtyla | Biblioteca Karol Wojtyla | Procesos técnicos | 03/12/2013 | Donación | xx | 49615 | 03/12/2013 | Libro |